Nuevas coordenadas para el derecho de obligaciones La autodisciplina del comercio electrn̤ico /

Detalles Bibliográficos
Autor principal: Lp̤ez Jimňez, David
Formato: eBook
Lenguaje:español
Publicado: Madrid: Marcial Pons, 2013
Materias:
Acceso en línea:Acceso restringido

MARC

LEADER 00000nam a22000007a 4500
005 20180224143411.0
007 cr|||| ||||
008 180224s2013 es |||||s|||| 00||0 spa d
020 |a 978-84-91233-09-1 
035 |a 20981 
040 |a vLex 
090 |c 7410  |d 7410 
100 1 |a Lp̤ez Jimňez, David 
245 1 0 |a Nuevas coordenadas para el derecho de obligaciones  |h [Recurso electrn̤ico] :  |b La autodisciplina del comercio electrn̤ico /  |c David Lp̤ez Jimňez 
256 |a Servicio en ln̕ea 
260 |a Madrid:  |b Marcial Pons,  |c 2013 
300 |a 1 recurso electrn̤ico 
500 |a La monografa̕ que el lector tiene en sus manos constituye una obra de ineludible referencia que analiza la idoneidad de la autorregulacin̤, en materia de contratacin̤ electrn̤ica y publicidad interactiva, estudiando, de manera minuciosa, la aplicacin̤ de tal herramienta. Necesitada la cuestin̤ anterior de exhaustiva regulacin̤, no puede desconocerse que, si en todas las materias el legislador siempre va a remolque de la realidad, en šta, por su propia naturaleza, la legislacin̤ difc̕ilmente puede estar al da̕ en los desafo̕s que derivan de su desarrollo. Por tanto, es la doctrina y la propia autodisciplina del sector la que tendr ̀que ir dando solucin̤ a las nuevas e imprevistas situaciones que cotidianamente surgen, siempre revisitando las categora̕s jurd̕icas tradicionales, pero adaptadas a las nuevas realidades. El recurso a la autodisciplina, que se estudia detenidamente, es de especial conveniencia en aquellos m̀bitos de contratacin̤ en los que concurre algn︢ df̌icit en la tutela del generalmente contratante db̌il. La colaboracin̤ voluntaria, en estos supuestos, de los propios agentes que participan en el procedimiento de elaboracin̤ y comercializacin̤ de bienes como de los prestadores de servicios, se erige en un presupuesto prioritario para garantizar el amparo del consumidor. Esta l︢tima cooperacin̤, que es susceptible de manifestarse en la asuncin̤ facultativa de ciertas herramientas de autodisciplina, en base al principio de la autonoma̕ privada, se erige en una sugerente tčnica privada de proteccin̤ que permite complementar –que no sustituir– a los restantes instrumentos pb︢licos de carc̀ter normativo. Todo ello redunda en una mayor salvaguarda del consumidor. 
506 1 |a Disponible solo en los productos indicados  |d vLex Global  |d vLex Global (Academic Edition, excluding Law Schools)  |d vLex Global (U.S. Academic Edition, Law Schools)  |d vLex Global (U.S. Academic Edition, excluding Law Schools)  |d vLex Global (Academic Edition, Law Schools) 
650 0 4 |a Derecho Civil  |z Espaą 
650 0 4 |a Derecho Mercantil y de la Empresa  |z Espaą 
650 0 4 |a Derecho Pb︢lico y Administrativo  |z Espaą 
740 0 |a vLex Libros (Servicio en ln̕ea) 
856 4 0 |u http://vlex.com/source/nuevas-coordenadas-para-el-derecho-de-obligaciones-la-autodisciplina-del-comercio-electronico-20981  |z Acceso restringido 
942 |c BOOK 
999 0 |a Civil Law 
999 0 |a Business and Company Law 
999 0 |a Public and Administrative Law